| 000 | 00653nam a22002297a 4500 | ||
|---|---|---|---|
| 003 | UA-OsUOA | ||
| 001 | 86857 | ||
| 007 | ta | ||
| 008 | 20120912b un ||||| |||| 00| 0 ukr d | ||
| 100 | _aБатталья Роберто | ||
| 090 |
_a94(4)"1939/1945" _bБ28 |
||
| 942 | _cBK | ||
| 040 |
_aUA-OsUOA _brus _cUA-OsUOA _dUA-OsUOA |
||
| 245 | _aИстория итальянского движения сопротивления | ||
| 300 | _a657 с. | ||
| 955 | _a2 | ||
| 041 | _arus | ||
| 080 | _a94(4)"1939/1945" | ||
| 260 |
_aМ. _bИ-во иностранной литературы _c1954 |
||
| 650 | 7 | _2UDC | |
| 999 |
_c373026 _d373026 |
||